01635nam a2200217Ia 4500999001700000008004100017082001500058100002100073245006500094250000800159260004800167300000800215650001400223942001500237952019300252952019200445952019200637952019200829952019201021952020401213 c10743d10743191201s2011 xx 000 0 und d a801.1bCOC aCORNS, Thomas N. 0aThe Cambridge Companion To English Poetry : Donne to Marvell a7th aNew DelhibCambridge University Pressc2003 a306 aBAHONSENG 2ddccBK01 00102ddc40708BAHONSENGaPIETNCRbPIETNCRd2021-07-08eTechniz Books InternationalfIN Rupeesg2822.00kINT/212210125l0o801.1 COCpN1183r2021-08-02 00:00:00v1863.16w2021-07-08yREF 00102ddc40708BAHONSENGaPIETNCRbPIETNCRd2021-07-08eTechniz Books InternationalfIN Rupeesg2822.00kINT/212210125l0o801.1 COCpN1184r2021-08-02 00:00:00v1863.16w2021-07-08yBK 00102ddc40708BAHONSENGaPIETNCRbPIETNCRd2021-07-08eTechniz Books InternationalfIN Rupeesg2822.00kINT/212210125l0o801.1 COCpN1185r2021-08-02 00:00:00v1863.16w2021-07-08yBK 00102ddc40708BAHONSENGaPIETNCRbPIETNCRd2021-07-08eTechniz Books InternationalfIN Rupeesg2822.00kINT/212210125l0o801.1 COCpN1186r2021-08-02 00:00:00v1863.16w2021-07-08yBK 00102ddc40708BAHONSENGaPIETNCRbPIETNCRd2021-07-08eTechniz Books InternationalfIN Rupeesg2822.00kINT/212210125l0o801.1 COCpN1187r2021-08-02 00:00:00v1863.16w2021-07-08yBK 00102ddc40708BAHONSENGaPIETNCRbPIETNCRd2021-07-08eTechniz Books InternationalfIN Rupeesg2822.00kINT/212210125l1o801.1 COCpN1188r2021-11-22 00:00:00s2021-11-10v1863.16w2021-07-08yBK